La vie d'Ibsen le constructeur / (Record no. 129873)

MARC details
000 -LEADER
campo de control de longitud fija 00758nam a2200241 i 4500
001 - NÚMERO DE CONTROL
campo de control 129873
003 - IDENTIFICADOR DE NÚMERO DE CONTROL
campo de control ES-MaACL
005 - FECHA Y HORA DE LA ÚLTIMA TRANSACCIÓN
campo de control 20251108164914.0
007 - CAMPO FIJO DE DESCRIPCIÓN FÍSICA--INFORMACIÓN GENERAL
campo de control de longitud fija t|
008 - DATOS DE LONGITUD FIJA--INFORMACIÓN GENERAL
campo de control de longitud fija 070710s1931 fr ||||1| fre d
080 ## - NÚMERO DE LA CLASIFICACIÓN DECIMAL UNIVERSAL
Número de la Clasificación Decimal Universal 929 Ibsen, Henrik
100 1# - ENTRADA PRINCIPAL--NOMBRE DE PERSONA
Nombre de persona Zucker, A. E.
9 (RLIN) 118422
245 13 - MENCIÓN DEL TÍTULO
Título La vie d'Ibsen le constructeur /
Mención de responsabilidad, etc. par A. E. Zucker ; traduit de l'anglais par Louise Servicen.
250 ## - MENCION DE EDICION
Mención de edición 2e éd.
260 ## - PUBLICACIÓN, DISTRIBUCIÓN, ETC.
Lugar de publicación, distribución, etc. Paris :
Nombre del editor, distribuidor, etc. Gallimard,
Fecha de publicación, distribución, etc. 1931 (
Fabricante F. Pailland)
300 ## - DESCRIPCIÓN FÍSICA
Extensión 247 p. ;
Dimensiones 19 cm.
490 1# - MENCIÓN DE SERIE
Mención de serie Vies des Hommes Illustres ;
Designación de volumen o secuencia 71
600 14 - PUNTO DE ACCESO ADICIONAL DE MATERIA--NOMBRE DE PERSONA
Nombre de persona Ibsen, Henrik,
Fechas asociadas al nombre 1828-1906
9 (RLIN) 65031
700 1# - ENTRADA AGREGADA--NOMBRE PERSONAL
Nombre de persona Servicen, Louise.
9 (RLIN) 105867
830 0# - PUNTO DE ACCESO ADICIONAL DE SERIE-TÍTULO UNIFORME
Título uniforme Vies des Hommes Illustres ;
Designación de volumen o secuencia 71
9 (RLIN) 182839
852 ## - LOCALIZACIÓN
Ubicación ES-MaACL
Número de control de estantería A-2112
Holdings
Estatus retirado Estado de pérdida Estado de daño No para préstamo Biblioteca de origen Biblioteca actual Ubicación en estantería Fecha de adquisición Fuente de adquisición Total de préstamos Signatura topográfica completa Código de barras Visto por última vez Precio de reemplazo Tipo de ítem Koha
        Biblioteca del Ateneo de Madrid Biblioteca del Ateneo de Madrid Sala Pecera Planta 1 17/01/2008     A-2112 1135233 23/02/2023 23/02/2023 Libro impreso